An Introduction to Human Resource Management in Business. Book 2 / (Record no. 16091)

MARC details
000 -LEADER
fixed length control field 02818nam a22003737a 4500
008 - FIXED-LENGTH DATA ELEMENTS--GENERAL INFORMATION
fixed length control field 110914s2011 enk|||||r|||| 000 0 eng d
020 ## - INTERNATIONAL STANDARD BOOK NUMBER
International Standard Book Number 1848735871
020 ## - INTERNATIONAL STANDARD BOOK NUMBER
International Standard Book Number 9781848735873
082 ## - DEWEY DECIMAL CLASSIFICATION NUMBER
Edition number 22
Classification number 658.3
Item number PRE
100 ## - MAIN ENTRY--PERSONAL NAME
9 (RLIN) 27191
Personal name Preston, Diane
245 ## - TITLE STATEMENT
Title An Introduction to Human Resource Management in Business. Book 2 /
Statement of responsibility, etc Written by Diane Preston
260 ## - PUBLICATION, DISTRIBUTION, ETC. (IMPRINT)
Place of publication, distribution, etc Milton Keynes, MK :
Name of publisher, distributor, etc Business School, The Open University, 2011.
Date of publication, distribution, etc 2011.
300 ## - PHYSICAL DESCRIPTION
Extent 88 p. :
Other physical details ill. ;
Dimensions 30 cm.
490 ## - Series Statement
-- 27189
Series statement An Introduction to Business Studies ;
-- B120
Volume/sequential designation Book 2
504 ## - BIBLIOGRAPHY, ETC. NOTE
Bibliography, etc Includes bibliographical references p.73-75
650 ## - SUBJECT ADDED ENTRY--TOPICAL TERM
9 (RLIN) 11864
Topical term or geographic name as entry element Personnel management.
653 ## - INDEX TERM--UNCONTROLLED
Resource For college
Arrived date list September2011
700 ## - ADDED ENTRY--PERSONAL NAME
9 (RLIN) 27192
Personal name Fryer, Mick
700 ## - ADDED ENTRY--PERSONAL NAME
9 (RLIN) 27193
Personal name Watson, George
942 ## - ADDED ENTRY ELEMENTS (KOHA)
Source of classification or shelving scheme Dewey Decimal Classification
Item type Book - Borrowing
Holdings
Withdrawn status Item status Source of classification or shelving scheme Damaged status Not for loan Vendor Home library Current library Shelving location Date acquired Source of acquisition Cost, normal purchase price Total Checkouts Full call number Barcode Checked out Date last seen Date last borrowed Cost, replacement price Koha item type Total Renewals
    Dewey Decimal Classification     Baccah Central Library Central Library First floor 27/09/2011   180.00 1 658.3 PRE 000024937 01/02/2012 28/09/2011 28/09/2011 225.00 NB - Book (Non borrowing)  
    Dewey Decimal Classification     Baccah Central Library Central Library First floor 11/10/2011   180.00 3 658.3 PRE 000025345   15/07/2025 02/01/2012 225.00 Book - Borrowing 1
    Dewey Decimal Classification     Baccah Central Library Central Library First floor 11/10/2011   180.00   658.3 PRE 000025346   15/07/2025   225.00 Book - Borrowing  
    Dewey Decimal Classification     Baccah Central Library Central Library First floor 13/10/2011   180.00   658.3 PRE 000025448   15/07/2025   225.00 Book - Borrowing  
    Dewey Decimal Classification     Baccah Central Library Central Library First floor 13/11/2011   180.00 1 658.3 PRE 000025598   15/07/2025 28/10/2017 225.00 Book - Borrowing 4
    Dewey Decimal Classification     Baccah Central Library Central Library First floor 13/11/2011   180.00   658.3 PRE 000025599   15/07/2025   225.00 Book - Borrowing  
    Dewey Decimal Classification     Baccah Central Library Central Library First floor 13/11/2011   180.00 1 658.3 PRE 000025600   15/07/2025 22/12/2011 225.00 Book - Borrowing 2
    Dewey Decimal Classification     Baccah Central Library Central Library First floor 13/11/2011   180.00   658.3 PRE 000025601   15/07/2025   225.00 Book - Borrowing  
    Dewey Decimal Classification     Baccah Central Library Central Library First floor 13/11/2011   180.00 1 658.3 PRE 000025602   15/07/2025 21/11/2015 225.00 Book - Borrowing  
    Dewey Decimal Classification     Baccah Central Library Central Library First floor 13/11/2011   180.00 2 658.3 PRE 000025604   15/07/2025 10/11/2014 225.00 Book - Borrowing 3
    Dewey Decimal Classification     Baccah Central Library Central Library First floor 13/11/2011   180.00 2 658.3 PRE 000025603   15/07/2025 04/06/2015 225.00 Book - Borrowing 8
    Dewey Decimal Classification     Baccah Central Library Central Library First floor 13/11/2011   180.00 2 658.3 PRE 000025605   15/07/2025 22/12/2011 225.00 Book - Borrowing  
    Dewey Decimal Classification     Baccah Central Library Central Library First floor 13/11/2011   180.00 2 658.3 PRE 000025606   15/07/2025 25/03/2012 225.00 Book - Borrowing 1